Ideovo-politické zameranie a politickoorganizačné zabezpečenie činnosti ZČSSP k 60. výročiu vzniku ZSSR a obsahové poňatie Mesiaca československo-sovietskeho priateľstva v roku 1982 : (uznesenie predsedníctva ÚV ZČSSP)

Korporativní autor: Svaz československo-sovětského přátelství. Slovenský ústredný výbor
Jazyk: Slovenština
Vydáno: Bratislava : Obzor, 1982
Témata:
Fyzický popis: 12 stran ; 8°
Knihy
Uloženo v:
LEADER 01426nam a22003372i 4500
001 001538992
003 CZ BrMZK
005 20170213084944.0
007 ta
008 160810s1982 xo er|||||||||||slo d
040 |a ABA001  |b cze  |c ABA001  |d ABA001  |d BOA001  |e rda 
043 |a e-cs--- 
072 7 |a 06  |x Organizace všeobecné povahy  |2 Konspekt  |9 12 
080 |a 32:061  |2 MRF 
080 |a (437)  |2 MRF 
080 |a (082.2)  |2 MRF 
245 0 0 |a Ideovo-politické zameranie a politickoorganizačné zabezpečenie činnosti ZČSSP k 60. výročiu vzniku ZSSR a obsahové poňatie Mesiaca československo-sovietskeho priateľstva v roku 1982 :  |b (uznesenie predsedníctva ÚV ZČSSP) 
264 1 |a Bratislava :  |b Obzor,  |c 1982 
300 |a 12 stran ;  |c 8° 
336 |a text  |b txt  |2 rdacontent 
337 |a bez média  |b n  |2 rdamedia 
338 |a svazek  |b nc  |2 rdacarrier 
550 |a Vydavatel: Slovenský ústredný výbor ZČSSP 
610 2 7 |a Svaz československo-sovětského přátelství  |7 ko2003174487  |2 czenas 
650 0 7 |a politické instituce a organizace  |7 ph124248  |z Československo  |2 czenas 
655 7 |a jubilejní publikace  |7 fd131839  |2 czenas 
710 2 |a Svaz československo-sovětského přátelství.  |b Slovenský ústredný výbor  |7 ko2016934060  |4 isb 
910 |a BOA001  |b X-0851.577 
990 |a BK 
991 |b 201608 
996 7 |b 2619173111  |c X-0851.577  |l MZK  |r Sklad / do 24 hodin  |n 0  |w 001574235  |u 000010  |a 1  |e BOA001  |j MZK50  |s A